Open Data Biblioteca Nacional de Portugal


República Portuguesa: Ministério da Cultura
Biblioteca Nacional de Portugal

Catálogo da BNP: acesso por Identificadores Unívocos
Registos Bibliográficos associados ao registo de autoridade

Etiqueta de registo: 00254nam 2200025 450
001 2287659
003 http://id.bnportugal.gov.pt/bib/catbnp/2287659
010 ## $a978-989-36-8920-2
021 ## $aPT$b564365/26
100 ## $a20260609e20261862m y0pory01030103ba
101 0# $aita
102 ## $aPT
105 ## $ah z 000yy
106 ## $ar
200 1# $aIstruzione per la scuola di scherma col bastone$emanual militar italiano do século XIX$fed., introd. e notas Paulo Jorge da Silva Lopes$gtranscr., trad. e rev. Didi Cardoso
205 ## $a1ª ed
210 #9 $aLisboa$cThe Stafffigiiter's Library,$d2026
215 ## $a86, [18] p.$cil.$d23 cm
225 2# $aPiccola Biblioteca, dell'Esercito.$h1ª série,$v4
324 ## $aEd. fac-sím. de Itália: Biblioteca Militare, Placenza, 1862, (p. [1], 140-160)
702 #1 $aSilva,$bPaulo Jorge Lopes da$4340$31427554
702 #1 $aCardoso,$bDidi$4730$32000267
801 #0 $aPT$bBN$gRPC
966 ## $lBN$mFGMON$x1
971 ## $cabrito$d20260609

Etiqueta de registo: 00254nam 2200025 450
001 2288130
003 http://id.bnportugal.gov.pt/bib/catbnp/2288130
010 ## $a978-989-33-9300-0
021 ## $aPT$b564367/26
100 ## $a20260617d2026 m y0pory01030103ba
101 1# $aeng$cpor
102 ## $aPT
105 ## $aa z 000yy
106 ## $ar
200 1# $aPortuguese jogo do pau$e the portuguese martial art, a tradition with centuries of practice$fPaulo Jorge da Silva Lopes$gtransl. and notes Didi Cardoso$gRicardo Moura
205 ## $a1st ed
210 #9 $aLisbon$cStafffigiiter's Library$cNúcleo de Investigação Histórica do Jogo do Pau Português,$d2026
215 ## $a223 p.$cil.$d23 cm
304 ## $aTít. orig.: O jogo do pau português : a arte marcial portuguesa, uma tradição com séculos de prática
700 #1 $aLopes,$bPaulo Jorge da Silva,$f1976-$31799110
702 #1 $aCardoso,$bDidi$4730$32000267
702 #1 $aMoura,$bRicardo de$4080$31838125
801 #0 $aPT$bBN$gRPC
966 ## $lBN$mFGMON$x1
971 ## $cabrito$d20260617

OpendataBNP@bnportugal.pt | Mais informação sobre acesso aos dados BNP